| 000 | 00683nam a2200229 a 4500 | ||
|---|---|---|---|
| 999 |
_c2589 _d2589 |
||
| 001 | 2589 | ||
| 003 | BD-JhCC | ||
| 005 | 20171105092723.0 | ||
| 008 | 171105s2008 bg |||| |||| 000 0 ben d | ||
| 020 | _a9844613016 | ||
| 035 | _a(BD-JhCC)2589 | ||
| 040 |
_aBD-JhCC _dBD-JhCC |
||
| 041 | _aben | ||
| 082 |
_a891.4435 _bKAM 2008 |
||
| 100 | _aকামাল, আবু সাইদ | ||
| 245 |
_aচুড়ি ফিতা আলতা / _cআবু সাইদ কামাল |
||
| 260 |
_aঢাকা : _bগতিধারা, _c২০০৮. |
||
| 300 |
_a৬৩ পৃ. : _c২১ সেমি. |
||
| 650 | _aBengali short stories | ||
| 942 |
_2ddc _cBK |
||